00168nam a2200073Ia 4500082001200000245002200012100001900034008004100053 aEF ARCH 0aAs the crow flies aArcher Jeffrey210817s9999 xx 000 0 und d